Laws still favour the possessor (Record no. 74787)
[ view plain ]
| 000 -LEADER | |
|---|---|
| fixed length control field | 01373cab a2200253 4500 |
| 001 - CONTROL NUMBER | |
| control field | ABS68767 |
| 008 - FIXED-LENGTH DATA ELEMENTS--GENERAL INFORMATION | |
| fixed length control field | 050214n2005 000 0 eng u |
| 035 ## - SYSTEM CONTROL NUMBER | |
| System control number | (Sirsi) u128755 |
| 100 ## - MAIN ENTRY--PERSONAL NAME | |
| Personal name | Phillips, A. |
| 245 ## - TITLE STATEMENT | |
| Title | Laws still favour the possessor |
| 260 ## - PUBLICATION, DISTRIBUTION, ETC. | |
| Date of publication, distribution, etc. | 2005 |
| 490 ## - SERIES STATEMENT | |
| Series statement | Estates Gazette |
| Volume/sequential designation | (0502) 15 January 2005, 98(1) |
| 520 ## - SUMMARY, ETC. | |
| Summary, etc. | Looks at how the much criticised principle of adverse possession has just survived its latest statutory assault from the Land Registration Act 2002. Comments on the recent CA decision "Topplan Estates Ltd v Townley"([2004] EWCA 1369, Abs68471), one of a long line of cases which have found that the person with the paper title to the land is in fact no longer the owner of the land. Outlines the principles of adverse possession under the Limitation Act 1980 s15 and how the 2002 Act amends the time period for continuous possession from 12 to 10 years. Examines the transitional provisions in the Act in respect of adverse possession, which will cease after October 2006 when the new law will be fully in place. |
| 590 ## - LOCAL NOTE (RLIN) | |
| Local note | ABS |
| 650 ## - SUBJECT ADDED ENTRY--TOPICAL TERM | |
| Topical term or geographic name entry element | SQUATTERS |
| 650 ## - SUBJECT ADDED ENTRY--TOPICAL TERM | |
| Topical term or geographic name entry element | TRESPASSERS |
| 650 ## - SUBJECT ADDED ENTRY--TOPICAL TERM | |
| Topical term or geographic name entry element | ADVERSE POSSESSION |
| 650 ## - SUBJECT ADDED ENTRY--TOPICAL TERM | |
| Topical term or geographic name entry element | GRAZING AGREEMENTS |
| 650 ## - SUBJECT ADDED ENTRY--TOPICAL TERM | |
| Topical term or geographic name entry element | LAND REGISTRATION ACT 2002 |
| 650 ## - SUBJECT ADDED ENTRY--TOPICAL TERM | |
| Topical term or geographic name entry element | LIMITATION ACT 1980 S15 |
| 650 ## - SUBJECT ADDED ENTRY--TOPICAL TERM | |
| Topical term or geographic name entry element | TOPPLAN ESTATES LTD V DAVID TOWNLEY |
| 690 ## - LOCAL SUBJECT ADDED ENTRY--TOPICAL TERM (OCLC, RLIN) | |
| Topical term or geographic name as entry element | PROPERTY |
| 942 ## - ADDED ENTRY ELEMENTS (KOHA) | |
| Suppress in OPAC | 0 |
| Withdrawn status | Lost status | Source of classification or shelving scheme | Damaged status | Not for loan | Home library | Current library | Shelving location | Date acquired | Total Checkouts | Full call number | Barcode | Date last seen | Copy number | Price effective from | Koha item type |
|---|---|---|---|---|---|---|---|---|---|---|---|---|---|---|---|
| Dewey Decimal Classification | London | London | Journal article | 14/02/2005 | ABS68767 | 128755-1001 | 06/08/2019 | 1 | 06/08/2019 | Journal article |